000 00872cab a2200301 4500
001 WB3319-34
008 090401t1997 xxu||||| |||| 00| 0 eng d
035 _a(Sirsi) u78345
041 _aeng
245 _aPeople and property
260 _c1997
350 _a0
490 _aTimes
_vSupplement 14 May 1997, (12) LOAN
520 _aSpecial supplement with articles on intelligent green houses, retirement homes, converted mills, planning control in Oxford and Cambridge, overseas residential property, and redeveloping basements.
650 _aBARBADOS
650 _aBASEMENTS
650 _aCAMBRIDGE
650 _aCONVERSIONS
650 _aGREEN HOUSES
650 _aHONG KONG
650 _aINTELLIGENT BUILDINGS
650 _aMILLS
650 _aOXFORD
650 _aRETIREMENT HOMES
690 _aHOUSING
942 _n0
948 _c15/05/1997
999 _c49306
_d49306